Estatísticas para Sequências Lógicas II

Clique aqui para jogar o quiz

Estatísticas Gerais

  • Esse quiz foi jogado 124 vezes
  • A pontuação média é 6 de 15

Estatísticas das Respostas

HintsHintsResposta% Correto
Trigo >>>Farinha >>>PãoEtapas do processo do fabrico do pão
82%
Cruzeiro >>>Cruzeiro Real >>>RealDivisa do Brasil de 1990 até ao presente
73%
Aldeia >>>Vila >>>CidadeAglomerados populacionais
70%
Mandarim >>>Espanhol >>>InglêsIdiomas mais falados no mundo
67%
Faringe >>>Esófago >>>EstômagoTrês componentes do trato gastrointestinal superior
57%
Harry Potter e a Pedra Filosofal >>>Harry Potter e a Câmara Secreta (dos Segredos) >>>Harry Potter e o Prisioneiro de AzkabanOs primeiros três livros da saga Harry Potter
47%
Madrugada >>>Alvorada >>>ManhãPeríodos do dia
45%
Trissílabo >>>Dissílablo >>>MonossílabloNúmero de sílabas
44%
Reino >>>Filo >>>ClasseTrês unidades taxonómicas da classificação científica dos seres vivos
40%
Cardeal >>>Patriarca >>>PapaHierarquia da Igreja Católica
40%
Chicago Bulls >>>Minneapolis/LA Lakers >>>Boston CelticsEquipas com mais vitórias na NBA
21%
Harry Truman >>>Dwight Eisenhower >>>John F. KennedyPresidentes dos Estados Unidos (1945 - 1963)
7%
Columbia >>>Challenger >>>DiscoveryTrês naves espaciais por data de primeiro voo
3%
Antilocapra >>>Morcego de cauda livre >>>ChitaMamíferos mais rápidos do mundo
2%
6 >>>28 >>>496Os primeiros três números perfeitos
1%

Distribuição das Pontuações

Percentil de Números Respondidos

Porcentagem de Pessoas com Cada Pontuação

Sua Pontuação Histórica

Você não jogou esse quiz